00644nam a22002293a 450000100090000000300040000900500170001300800410003001000170007102000220008803500230011004000180013305000270015108200200017810000210019824500350021926000320025430000210028644000180030765500270032571000620035216401482OSt20180116183022.0830302s1983 nyu 000 1 eng d a 97813254  a0440170990 (pbk.) a(OCoLC)ocm09271868 aNXAcNXAdDLC00aCPB Box no. 352 vol. 8 a813.54 SPE 19831 aSpence, Michele.10aRebekka Moon cMichele Spence. aNY :bDell Pub. Co.,c1983. a383 p. ;c17 cm. aRebekka Moon  7aHorror fiction.2gsafd2 aCopyright Paperback Collection (Library of Congress)5DLC